Commentary On Egyptian Criminal Law: (Record no. 71297)
[ view plain ]
| 000 -LEADER | |
|---|---|
| fixed length control field | 01022nam a2200313 i 4500 |
| 003 - CONTROL NUMBER IDENTIFIER | |
| control field | EG-GICUC |
| 005 - DATE AND TIME OF LATEST TRANSACTION | |
| control field | 20260428182429.0 |
| 008 - FIXED-LENGTH DATA ELEMENTS--GENERAL INFORMATION | |
| fixed length control field | 260415s1924 ua a|||fr|||| 001 0 eng d |
| 040 ## - CATALOGING SOURCE | |
| Original cataloging agency | EG-GiCUC |
| Language of cataloging | eng |
| Transcribing agency | EG-GiCUC |
| Modifying agency | EG-GiCUC |
| Description conventions | rda |
| 041 0# - LANGUAGE CODE | |
| Language code of text/sound track or separate title | eng |
| 082 04 - DEWEY DECIMAL CLASSIFICATION NUMBER | |
| Edition number | 21 |
| Classification number | 343 |
| Item number | GO. C |
| 092 04 - LOCALLY ASSIGNED DEWEY CALL NUMBER (OCLC) | |
| Edition number | 21 |
| 099 ## - LOCAL FREE-TEXT CALL NUMBER (OCLC) | |
| Classification number | Law1 10 343 GO . C 1924 1009206 V2 C1 |
| 100 1# - MAIN ENTRY--PERSONAL NAME | |
| Personal name | Goadby ,Frederic M. |
| Relator term | Author. |
| 245 10 - TITLE STATEMENT | |
| Title | Commentary On Egyptian Criminal Law: |
| Remainder of title | And The Related Criminal Law Of Palestine, Cyprus, And Iraq. |
| Number of part/section of a work | part 2, |
| Statement of responsibility, etc. | Frederic M. Goadby. |
| 264 ## - PRODUCTION, PUBLICATION, DISTRIBUTION, MANUFACTURE, AND COPYRIGHT NOTICE | |
| Place of production, publication, distribution, manufacture | Cairo |
| Name of producer, publisher, distributor, manufacturer | Government Press |
| Date of production, publication, distribution, manufacture, or copyright notice | 1924 |
| 300 ## - PHYSICAL DESCRIPTION | |
| Extent | 629 pages : |
| Other physical details | illustrations, |
| Dimensions | 24 cm |
| 336 ## - CONTENT TYPE | |
| Source | rda content |
| Content type term | text |
| 337 ## - MEDIA TYPE | |
| Source | rda media |
| Media type term | Computer |
| 338 ## - CARRIER TYPE | |
| Source | rda carrier |
| Carrier type term | Online Resource |
| 500 ## - GENERAL NOTE | |
| General note | Includes index. |
| 504 ## - BIBLIOGRAPHY, ETC. NOTE | |
| Bibliography, etc. note | Includes Bibliography. |
| 546 ## - LANGUAGE NOTE | |
| Language note | Text in English |
| 650 1# - SUBJECT ADDED ENTRY--TOPICAL TERM | |
| Topical term or geographic name entry element | Criminal law |
| Source of heading or term | qrmak |
| 651 1# - SUBJECT ADDED ENTRY--GEOGRAPHIC NAME | |
| Source of heading or term | qrmak |
| 856 40 - ELECTRONIC LOCATION AND ACCESS | |
| Uniform Resource Identifier | <a href="https://fll.law.cu.edu.eg/fulltext/bks/B10-09206.pdf">https://fll.law.cu.edu.eg/fulltext/bks/B10-09206.pdf</a> |
| 905 ## - Cataloger and Reviser Names | |
| Cataloger Name: | Nora Khalil |
| 942 ## - ADDED ENTRY ELEMENTS (KOHA) | |
| Source of classification or shelving scheme | Dewey Decimal Classification |
| Suppress in OPAC | No |
| Koha item type | Books |
| Edition | 21 |
| Withdrawn status | Lost status | Source of classification or shelving scheme | Damaged status | Not for loan | Collection | Home library | Current library | Date acquired | Total checkouts | Full call number | Barcode | Date last seen | Price effective from | Koha item type | Copy number |
|---|---|---|---|---|---|---|---|---|---|---|---|---|---|---|---|
| Dewey Decimal Classification | القانون الجنائي | جــــامعة القــاهرة | مكتبة كلية الحقوق - المبنى الرئيسي | 15.04.2026 | Law1 10 343 GO . C 1924 1009206 V2, C1 | B10-09206 | 15.04.2026 | 15.04.2026 | Books | ||||||
| Dewey Decimal Classification | القانون الجنائي | جــــامعة القــاهرة | مكتبة كلية الحقوق - المبنى الرئيسي | 16.04.2026 | Law1 10 343 GO . C 1924 1009995 V2 C2 | B10-09995 | 16.04.2026 | 16.04.2026 | Books | 2 | |||||
| Dewey Decimal Classification | جــــامعة القــاهرة | مكتبة كلية الحقوق - المبنى الرئيسي | 21.04.2026 | Law1 10 343 GO . C 1924 1010392 V2 C3 | B10-10392 | 21.04.2026 | 21.04.2026 | Books | 3 |